Top Honey Producing States - Statistics

General Stats
  • This quiz has been taken 32 times
  • The average score is 7 of 10
Answer Stats
Pounds Answer % Correct
12,480,000 California
100%
9,048,000 Texas
93%
14,700,000 Florida
86%
4,526,000 Georgia
79%
5,733,000 Michigan
68%
7,920,000 Minnesota
57%
42,140,000 North Dakota
57%
24,360,000 South Dakota
57%
4,032,000 Louisiana
54%
14,256,000 Montana
54%
No matching quizzes found
Score Distribution
Percent of People with Each Score
Percentile by Number Answered
Your Score History
You have not taken this quiz